000 01595nam1a22002891 4500
001 rc\3717391
005 20210113220701.0
035 _a(NLR Aleph) 007879240
090 _a7907384
_c7907384
100 _a20130115g1969 |||y0rusy50 ca
101 0 _arus
102 _aRU
105 _ay z |||||
200 1 _aСредневековый город в Западной Европе в XI-XV веках
_eУчеб.-метод. пособие для студентов-заочников II курса ист. фак. гос. ун-тов
_eВып. 1-
_fМ-во высш. и сред. спец. образования СССР. Науч.-метод. кабинет по заоч. и вечернему обучению Моск. гос. ун-та им. М.В. Ломоносова
210 _aМосква
_cИзд-во Моск. ун-та
_d1969-
215 _d21
532 1 1 _aСредневековый город в Западной Европе в одиннадцатом -XV веках
606 _aГорода средневековые
_yЗападная Европа
_jПособия для заочников
_2psbo
700 1 _6z01790
_aСтоклицкая-Терешкович
_bВ. В.
_f1885-1962
_gВера Вениаминовна
701 1 _aПлешкова
_bС. Л.
_f1936-2007
_gСофья Леонидовна
_3RU\NLR\AUTH\770225255
790 1 _6z01700
_aТерешкович
_bВ. В.
_f1885-1962
_gВера Вениаминовна
801 0 _aRU
_bNLR
_gpsbo
801 1 _aRU
_bELAR
_2rusmarc
852 _aNLR
_j69-6/6379
942 _cBOOK
980 _aNB